| 000 | 00599cam a2200205 4500500 | ||
|---|---|---|---|
| 005 | 20260329001401.0 | ||
| 041 | _afre | ||
| 042 | _adc | ||
| 100 | 1 | 0 |
_aAtlan, Henri _eauthor |
| 700 | 1 | 0 |
_aTruong, Nicolas _eauthor |
| 245 | 0 | 0 | _aL’homme génétiquement modifié |
| 260 | _c2006. | ||
| 500 | _a26 | ||
| 690 | _aClonage | ||
| 690 | _aGénétique | ||
| 690 | _aHumanisme | ||
| 690 | _aScience | ||
| 786 | 0 | _nPhilosophie magazine | 5 | 12 | 2006-12-01 | p. 7-7 | 1951-1787 | |
| 856 | 4 | 1 | _uhttps://shs.cairn.info/magazine-philosophie-magazine-2006-12-page-7?lang=fr&redirect-ssocas=7080 |
| 999 |
_c1804874 _d1804874 |
||